[Event "XIII Open"]
[Site "Condino ITA"]
[Date "2013.07.21"]
[Round "1"]
[White "Beltrami, Nerio"]
[Black "Plucani, Germano"]
[WhiteElo "1919"]
[BlackElo "1421"]
[Result "1-0"]
[PlyCount "27"]
[EventDate "2013.07.21"]

1. e4 b6 2. Nc3 Bb7 3. Nf3 e6 4. d4 Bb4 5. Bd3 Nf6 6. Qe2 Bxc3+ 7. bxc3 Nc6 8.
O-O O-O 9. Bg5 h6 10. Bh4 Re8 11. e5 g5 12. Nxg5 hxg5 13. Bxg5 Kg7 14. Bh6+ 1-0

[Event "XIII Open"]
[Site "Condino ITA"]
[Date "2013.07.21"]
[Round "1"]
[White "Bini, Massimo"]
[Black "Bondoni, Bernardino"]
[WhiteElo "2023"]
[BlackElo "1611"]
[Result "1-0"]
[PlyCount "41"]
[EventDate "2013.07.21"]

1. d4 d5 2. Bf4 Nf6 3. e3 e6 4. Nd2 c5 5. c3 Nc6 6. Bd3 Be7 7. Ngf3 c4 8. Bc2
O-O 9. Ne5 Nxe5 10. dxe5 Nd7 11. h4 f5 12. g4 fxg4 13. Qxg4 Nc5 14. Nf3 Qe8 15.
O-O-O Qf7 16. Bxh7+ Kxh7 17. Ng5+ Bxg5 18. hxg5+ Kg8 19. g6 Qf5 20. Rh8+ Kxh8
21. Qh5+ 1-0

[Event "XIII Open"]
[Site "Condino ITA"]
[Date "2013.07.21"]
[Round "1"]
[White "Bonollo, Sergio"]
[Black "Arnoulet, Vanni"]
[WhiteElo "1861"]
[BlackElo "1281"]
[Result "1-0"]
[PlyCount "113"]
[EventDate "2013.07.21"]

1. e4 d6 2. d4 Nf6 3. Nc3 c6 4. f4 Nbd7 5. Nf3 e6 6. Be2 Be7 7. O-O O-O 8. Kh1
a6 9. a3 Qc7 10. e5 dxe5 11. fxe5 Ne8 12. Be3 b5 13. Ne4 f6 14. exf6 Ndxf6 15.
Qd3 Bd7 16. Nfg5 h6 17. Nxf6+ Nxf6 18. Rxf6 hxg5 19. Rxf8+ Rxf8 20. Qg6 Bf6 21.
Bd3 Be8 22. Qh7+ Kf7 23. Re1 Ke7 24. Bxg5 Rf7 25. Bxf6+ gxf6 26. Qf5 Qd7 27.
Qc5+ Kd8 28. Bg6 Re7 29. Bxe8 Rxe8 30. Qb6+ Ke7 31. c3 Rd8 32. Qc5+ Kf7 33.
Qh5+ Ke7 34. Qg6 Rf8 35. Re3 Rf7 36. Rh3 Kd6 37. Rf3 Qe7 38. h3 Kd7 39. b4 Kd6
40. Qh5 Kd7 41. Qg6 Kd6 42. Qg3+ Kd7 43. Qb8 Rf8 44. Qb7+ Ke8 45. Qxc6+ Kf7 46.
Qxa6 Qd7 47. Qb6 Ra8 48. Qc5 Rf8 49. Qh5+ Ke7 50. Qc5+ Kf7 51. Rg3 Ke8 52. Qh5+
Kd8 53. Qh6 Qe7 54. Rg7 Qe8 55. Ra7 Rf7 56. Ra8+ Kd7 57. Rxe8 1-0

[Event "XIII Open"]
[Site "Condino ITA"]
[Date "2013.07.21"]
[Round "1"]
[White "Briand, Nicolas"]
[Black "Barucco, Mattia"]
[WhiteElo "1585"]
[BlackElo "2006"]
[Result "0-1"]
[PlyCount "90"]
[EventDate "2013.07.21"]

1. d4 Nf6 2. Nf3 g6 3. c4 Bg7 4. Nc3 O-O 5. g3 c6 6. Bg2 d6 7. Bg5 Nbd7 8. Qd2
Re8 9. O-O-O Qa5 10. Kb1 Rb8 11. Nd5 Qa4 12. Qb4 Qxb4 13. Nxb4 Nb6 14. c5 Bf5+
15. Ka1 dxc5 16. dxc5 Na4 17. Be3 Ng4 18. Bd4 e5 19. h3 exd4 20. hxg4 Be4 21.
Rhg1 Nxc5 22. Nxd4 Bxg2 23. Rxg2 Bxd4 24. Rxd4 Rxe2 25. Kb1 Rbe8 26. Nc2 a5 27.
Rf4 Rd8 28. Rg1 Rdd2 29. Rc4 Nd3 30. f4 Rg2 31. Rf1 Rxg3 32. f5 Rf3 33. Rg1
Rdf2 34. a3 Rf1+ 35. Rxf1 Rxf1+ 36. Ka2 gxf5 37. gxf5 Rxf5 38. Ne3 Rf2 39. Rg4+
Kf8 40. Nc4 a4 41. Rd4 Nc1+ 42. Kb1 Nb3 43. Rd7 Rf1+ 44. Kc2 Rc1+ 45. Kd3 Rd1+
0-1

[Event "XIII Open"]
[Site "Condino ITA"]
[Date "2013.07.21"]
[Round "1"]
[White "Busso, Giovanni"]
[Black "Cordara, Michele"]
[WhiteElo "1536"]
[BlackElo "1989"]
[Result "0-1"]
[PlyCount "50"]
[EventDate "2013.07.21"]

1. e4 c5 2. Nf3 d6 3. d4 cxd4 4. Nxd4 Nf6 5. Nc3 a6 6. Be2 e5 7. Nf3 Be6 8. O-O
Nbd7 9. Ng5 Rc8 10. Nxe6 fxe6 11. Bg4 Nc5 12. Bg5 Rc6 13. Qe2 Be7 14. Bxf6 Bxf6
15. a3 Qe7 16. Rad1 O-O 17. b4 Nd7 18. Qd3 Rfc8 19. Na4 Nf8 20. c4 b5 21. cxb5
axb5 22. Qxb5 Qa7 23. Be2 Ng6 24. g3 Ne7 25. Rd3 Rb8 0-1

[Event "XIII Open"]
[Site "Condino ITA"]
[Date "2013.07.21"]
[Round "1"]
[White "Calabrese, Maurizio"]
[Black "Poletti, Fausto"]
[WhiteElo "1469"]
[BlackElo "1920"]
[Result "0-1"]
[PlyCount "56"]
[EventDate "2013.07.21"]

1. d4 Nf6 2. c4 g6 3. Nc3 Bg7 4. Bg5 d6 5. e3 O-O 6. Bd3 Na6 7. Rc1 c5 8. Nge2
Bd7 9. O-O Rc8 10. Nb5 Nb4 11. Nec3 a6 12. Na3 Qa5 13. Bh4 cxd4 14. exd4 e5 15.
dxe5 Qxe5 16. Bb1 Bh6 17. Re1 Qf4 18. Bxf6 Qxf6 19. Qb3 Bxc1 20. Rxc1 a5 21.
Rd1 Bc6 22. Nab5 Rcd8 23. Nc7 Qe7 24. a3 Qxc7 25. axb4 axb4 26. Qxb4 Rfe8 27.
Rc1 Qe7 28. Bd3 Qg5 0-1

[Event "XIII Open"]
[Site "Condino ITA"]
[Date "2013.07.21"]
[Round "1"]
[White "Davi, Alessandro"]
[Black "Pretto, Aldo"]
[WhiteElo "2151"]
[BlackElo "1764"]
[Result "1-0"]
[PlyCount "69"]
[EventDate "2013.07.21"]

1. d4 d6 2. Nf3 Nf6 3. c4 g6 4. Nc3 Bg7 5. g3 O-O 6. Bg2 Nbd7 7. O-O c5 8. h3
Rb8 9. e4 cxd4 10. Nxd4 Nc5 11. Be3 a6 12. Qe2 Bd7 13. Rad1 Qc7 14. Kh2 Rbe8
15. Rd2 Ne6 16. Rfd1 Nxd4 17. Bxd4 e6 18. e5 Nh5 19. exd6 Qc8 20. Bxg7 Nxg7 21.
Ne4 f5 22. Ng5 h6 23. Nf3 e5 24. Nxe5 f4 25. Bd5+ Kh7 26. Nxd7 fxg3+ 27. Kg2
Qxd7 28. Qg4 Nf5 29. Kg1 Qxd6 30. Bg8+ Rxg8 31. Rxd6 gxf2+ 32. Kxf2 Nxd6 33.
Rxd6 Rgf8+ 34. Kg2 g5 35. Qd7+ 1-0

[Event "XIII Open"]
[Site "Condino ITA"]
[Date "2013.07.21"]
[Round "1"]
[White "De Nisi, Giuseppe"]
[Black "Paljusaj, Edmond"]
[WhiteElo "1793"]
[BlackElo "2311"]
[Result "0-1"]
[PlyCount "94"]
[EventDate "2013.07.21"]

1. d4 Nf6 2. c4 g6 3. Nc3 Bg7 4. e4 d6 5. Be2 O-O 6. Be3 Na6 7. f4 c5 8. dxc5
Qa5 9. Bd2 Qxc5 10. a3 Qc6 11. Nd5 Nxd5 12. cxd5 Qb6 13. Rb1 Nc5 14. Be3 Qa5+
15. b4 Qxa3 16. Bxc5 Qc3+ 17. Kf2 dxc5 18. Rb3 Qd4+ 19. Qxd4 Bxd4+ 20. Kg3 cxb4
21. Rxb4 Bc5 22. Rc4 b6 23. Nf3 e6 24. Rd1 exd5 25. exd5 Ba6 26. Rc2 Bxe2 27.
Rxe2 a5 28. Rb2 a4 29. Nd4 Rfe8 30. Kf3 a3 31. Ra2 Rad8 32. Nc6 Re3+ 33. Kg4
Rd6 34. g3 b5 35. Rc2 Bb6 36. Nb4 Ba5 37. Na2 Rb3 38. Rc5 Rb2 39. Ra1 Bb6 40.
Rc8+ Rd8 41. Rxd8+ Bxd8 42. Nc3 b4 43. Na4 Rd2 44. Nc5 Rxd5 45. Nb3 Rd3 46. Nc5
Rd2 47. Ne4 f5+ 0-1

[Event "XIII Open"]
[Site "Condino ITA"]
[Date "2013.07.21"]
[Round "1"]
[White "De Nisi, Roberta"]
[Black "Nastro, Alessandro"]
[WhiteElo "1930"]
[BlackElo "1512"]
[Result "1-0"]
[PlyCount "58"]
[EventDate "2013.07.21"]

1. d4 Nf6 2. c4 e5 3. dxe5 Ng4 4. Bf4 Nc6 5. Nf3 Bb4+ 6. Nc3 Qe7 7. Qd5 Bxc3+
8. bxc3 Qa3 9. Rc1 Qxa2 10. h3 Nh6 11. e4 Qa5 12. c5 b6 13. Bxh6 gxh6 14. Bc4
Rf8 15. cxb6 cxb6 16. O-O Bb7 17. Rfd1 O-O-O 18. Qxa5 Nxa5 19. Bd5 Kb8 20. Nd4
Bxd5 21. exd5 Rfe8 22. f4 Nb7 23. Nf5 h5 24. Ng7 Rf8 25. Nxh5 Nc5 26. Nf6 Rh8
27. f5 Kb7 28. c4 a5 29. Rb1 Ka6 1-0

[Event "XIII Open"]
[Site "Condino ITA"]
[Date "2013.07.21"]
[Round "1"]
[White "De Santis, Alessio"]
[Black "Menichini, Massimo"]
[WhiteElo "2289"]
[BlackElo "1775"]
[Result "1-0"]
[PlyCount "43"]
[EventDate "2013.07.21"]

1. d4 Nf6 2. c4 e6 3. Nc3 Be7 4. e4 d6 5. Nf3 O-O 6. Bd3 c5 7. e5 dxe5 8. dxe5
Ne8 9. Qc2 f5 10. exf6 Nxf6 11. Be3 Nc6 12. O-O-O Qa5 13. a3 Rd8 14. Ng5 h6 15.
Bh7+ Kf8 16. Nf3 Bd7 17. Qg6 Be8 18. Qxh6 Nd4 19. Qh3 Ba4 20. Bg6 Qa6 21. Ng5
Qxc4 22. Qh8+ 1-0

[Event "XIII Open"]
[Site "Condino ITA"]
[Date "2013.07.21"]
[Round "1"]
[White "Dittmar, Peter"]
[Black "Podgornik, Massimo"]
[WhiteElo "2344"]
[BlackElo "1826"]
[Result "1-0"]
[PlyCount "43"]
[EventDate "2013.07.21"]

1. e4 c5 2. Nf3 g6 3. c3 Bg7 4. d4 cxd4 5. cxd4 Nf6 6. Nc3 d5 7. exd5 Nbd7 8.
Bc4 Nb6 9. Bb3 Nfxd5 10. O-O O-O 11. Re1 h6 12. Ne5 Be6 13. Nxg6 Nxc3 14. bxc3
Bxb3 15. Qxb3 Re8 16. Ne5 e6 17. Re3 h5 18. Qd1 Nd5 19. Rg3 h4 20. Rxg7+ Kxg7
21. Qg4+ Kh7 22. Qh5+ 1-0

[Event "XIII Open"]
[Site "Condino ITA"]
[Date "2013.07.21"]
[Round "1"]
[White "Ebeling, Jens"]
[Black "Vozza, Augusto"]
[WhiteElo "1998"]
[BlackElo "1578"]
[Result "1-0"]
[PlyCount "51"]
[EventDate "2013.07.21"]

1. e4 c6 2. d4 d5 3. e5 c5 4. dxc5 e6 5. Bd3 Bxc5 6. Nf3 h6 7. Nc3 a6 8. O-O b5
9. a4 b4 10. Ne2 a5 11. Ned4 Bd7 12. Be3 Bxd4 13. Nxd4 Nc6 14. Qg4 g5 15. Nxc6
Bxc6 16. f4 h5 17. Qxg5 Qxg5 18. fxg5 Ne7 19. Rf6 O-O 20. Bc5 Rfe8 21. b3 Ng6
22. Bxg6 fxg6 23. Rxg6+ Kh7 24. Rh6+ Kg7 25. Rf1 Rh8 26. Rxe6 1-0

[Event "XIII Open"]
[Site "Condino ITA"]
[Date "2013.07.21"]
[Round "1"]
[White "Giacchino, Claudio"]
[Black "Giancotti, Eraldo"]
[WhiteElo "1634"]
[BlackElo "2069"]
[Result "0-1"]
[PlyCount "72"]
[EventDate "2013.07.21"]

1. e4 d6 2. d4 Nf6 3. Nc3 g6 4. h3 Bg7 5. Be3 O-O 6. Qd2 c6 7. O-O-O b5 8. Bd3
Qa5 9. Kb1 b4 10. Nce2 Nbd7 11. f3 Rb8 12. Nc1 Rd8 13. Nge2 c5 14. Nb3 Qc7 15.
dxc5 dxc5 16. c4 bxc3 17. Qxc3 Nd5 18. Qd2 Nxe3 19. Qxe3 a5 20. Rd2 a4 21. Nbc1
c4 22. Rc2 Qe5 23. Nc3 cxd3 24. Qxd3 Qa5 25. Nd5 Bf8 26. Rd1 Bb7 27. Rcd2 e6
28. Nc3 Ba6 29. Qc2 a3 30. b3 Rdc8 31. Rxd7 Rxc3 32. Qd2 Rbc8 33. f4 Qc5 34.
Rd8 Rxd8 35. Qxd8 Rc2 36. Qf6 Rxg2 0-1

[Event "XIII Open"]
[Site "Condino ITA"]
[Date "2013.07.21"]
[Round "1"]
[White "Molinelli, Luigi"]
[Black "Schaberg, Wolfgang"]
[WhiteElo "1236"]
[BlackElo "1850"]
[Result "0-1"]
[PlyCount "90"]
[EventDate "2013.07.21"]

1. d4 Nf6 2. Nf3 g6 3. e3 Bg7 4. Nbd2 d5 5. Be2 O-O 6. O-O Nbd7 7. c4 c6 8. Re1
Re8 9. cxd5 cxd5 10. Bd3 Nb6 11. Ne5 Nfd7 12. Ndf3 f6 13. Nxg6 e5 14. dxe5 fxe5
15. Ngxe5 Nxe5 16. Nxe5 Bxe5 17. Qh5 Re7 18. Qg5+ Kh8 19. Qh4 Bd7 20. f4 Bc7
21. Bd2 Kg8 22. Bc3 Rg7 23. Bf6 Qf8 24. Bxg7 Qxg7 25. Qg5 Qxg5 26. fxg5 Be5 27.
Rab1 Nc4 28. Bc2 Kg7 29. h3 Nxb2 30. Rf1 b6 31. Bf5 Rd8 32. Bxd7 Rxd7 33. Rf5
Bc3 34. Rbf1 Nc4 35. Kf2 Bd2 36. Ke2 Bxe3 37. h4 Bc5 38. R5f3 Re7+ 39. Kd3 Ne5+
40. Kc3 d4+ 41. Kb3 Nxf3 42. gxf3 b5 43. f4 Re3+ 44. Kc2 Rc3+ 45. Kd2 Ra3 0-1

[Event "XIII Open"]
[Site "Condino ITA"]
[Date "2013.07.21"]
[Round "1"]
[White "Nastro, Federico"]
[Black "Certic, Branimir"]
[WhiteElo "1826"]
[BlackElo "2405"]
[Result "0-1"]
[PlyCount "108"]
[EventDate "2013.07.21"]

1. e4 c6 2. d4 d5 3. Nc3 dxe4 4. Nxe4 Qc7 5. Nf3 Bg4 6. h3 Bh5 7. Ng3 Bxf3 8.
Qxf3 Nf6 9. Bf4 Qa5+ 10. Bd2 Qb6 11. O-O-O Nbd7 12. Bc4 e6 13. Rhe1 O-O-O 14.
Bf4 Qb4 15. Bb3 Bd6 16. Bxd6 Qxd6 17. c4 Qc7 18. Kb1 Kb8 19. Re2 Nb6 20. Red2
Rd7 21. Ne4 Nxe4 22. Qxe4 g6 23. g3 Rhd8 24. f4 a5 25. c5 Nd5 26. Bxd5 Rxd5 27.
a3 a4 28. Rd3 Qa5 29. h4 Qb5 30. Qe3 R8d7 31. b4 axb3 32. Rxb3 Qa4 33. Rbd3 Qa5
34. R1d2 Qa4 35. Rd1 Kc8 36. R1d2 Rd8 37. g4 h5 38. g5 Kc7 39. Kc1 Ra8 40. Rb2
Qc4+ 41. Rc2 Qa6 42. Rb2 Rad8 43. Rbd2 Kd7 44. Kd1 Ke7 45. Ke1 R8d7 46. Rb3 Kf8
47. Kf2 Kg8 48. Kg2 Qc4 49. Rb4 Qc1 50. Kf2 Qh1 51. Qg3 Rxc5 52. Rxb7 Rc1 53.
Rb8+ Kg7 54. Qg2 Qe1+ 0-1

[Event "XIII Open"]
[Site "Condino ITA"]
[Date "2013.07.21"]
[Round "1"]
[White "Petragnani, Gian Giacomo"]
[Black "Panjkovic, Aleksandar"]
[WhiteElo "1717"]
[BlackElo "2147"]
[Result "1-0"]
[PlyCount "85"]
[EventDate "2013.07.21"]

1. c4 e5 2. g3 d6 3. Bg2 f5 4. Nc3 c6 5. d4 Be7 6. e3 Nf6 7. Nge2 O-O 8. O-O
Na6 9. Rb1 Be6 10. d5 Bd7 11. b4 c5 12. b5 Nb8 13. e4 fxe4 14. Nxe4 Nxe4 15.
Bxe4 Bh3 16. Bg2 Bf5 17. Rb3 Nd7 18. f3 Nb6 19. g4 Bg6 20. f4 Nxc4 21. Rc3 Nb6
22. Be3 Nd7 23. f5 Bf7 24. Ng3 Qa5 25. Qb3 Nb6 26. g5 c4 27. Qc2 Bxd5 28. f6
Bxg2 29. Bxb6 Qxb6+ 30. Kxg2 gxf6 31. Nf5 Qd8 32. Rh3 Qe8 33. Rxh7 Kxh7 34.
Nxe7+ Kg7 35. Nf5+ Kg8 36. Qxc4+ Kh7 37. Qh4+ Kg8 38. Nh6+ Kg7 39. gxf6+ Kg6
40. Rf5 Qd7 41. Qh5+ Kh7 42. Nf7+ Kg8 43. Qg6# 1-0

[Event "XIII Open"]
[Site "Condino ITA"]
[Date "2013.07.21"]
[Round "1"]
[White "Popa, Claudiu"]
[Black "Filosi, Gianluigi"]
[WhiteElo "2129"]
[BlackElo "1650"]
[Result "1-0"]
[PlyCount "55"]
[EventDate "2013.07.21"]

1. e4 e6 2. d4 d5 3. Nd2 c5 4. exd5 Qxd5 5. Ngf3 cxd4 6. Bc4 Qd8 7. O-O Nf6 8.
Nb3 Be7 9. Nbxd4 O-O 10. Qe2 Nbd7 11. Bf4 Nb6 12. Bb3 Nbd5 13. Be5 Bd6 14. Rfd1
Bxe5 15. Nxe5 Qb6 16. Qf3 Ne7 17. c4 Qc5 18. Qe3 Nd7 19. Nxd7 Bxd7 20. Nf5 Qxe3
21. Nxe7+ Kh8 22. fxe3 Rad8 23. Rd2 Bc6 24. Rxd8 Rxd8 25. Nxc6 bxc6 26. Rd1
Rxd1+ 27. Bxd1 c5 28. a3 1-0

[Event "XIII Open"]
[Site "Condino ITA"]
[Date "2013.07.21"]
[Round "1"]
[White "Rigo, Nicola"]
[Black "Girelli, Sergio"]
[WhiteElo "1305"]
[BlackElo "1894"]
[Result "0-1"]
[PlyCount "50"]
[EventDate "2013.07.21"]

1. e4 c5 2. Bc4 e6 3. Nf3 Nc6 4. O-O d6 5. Bb5 Bd7 6. Bxc6 Bxc6 7. Nc3 Be7 8.
d4 cxd4 9. Nxd4 Qc7 10. Re1 Nf6 11. Bg5 O-O 12. Bxf6 Bxf6 13. f4 Qb6 14. e5
dxe5 15. fxe5 Rfd8 16. exf6 Rxd4 17. Qc1 Rd1+ 18. Kh1 Rxc1 19. Rexc1 Qf2 20.
Rg1 Rd8 21. Raf1 Bxg2+ 22. Rxg2 Qxf1+ 23. Rg1 Qxf6 24. Ne4 Qf3+ 25. Rg2 Rd1#
0-1

[Event "XIII Open"]
[Site "Condino ITA"]
[Date "2013.07.21"]
[Round "1"]
[White "Weinberg, Emanuele"]
[Black "Ramesa, Marin"]
[WhiteElo "1764"]
[BlackElo "2217"]
[Result "0-1"]
[PlyCount "64"]
[EventDate "2013.07.21"]

1. d4 Nf6 2. c4 e6 3. Nc3 Bb4 4. a3 Bxc3+ 5. bxc3 d6 6. Qc2 O-O 7. Nf3 Qe7 8.
e4 e5 9. d5 h6 10. Be2 Na6 11. O-O Nc5 12. Nd2 Bd7 13. a4 a5 14. f3 Nh5 15. Nb1
Nf4 16. Kh1 Nxe2 17. Qxe2 f5 18. Be3 Nxa4 19. exf5 b6 20. Qc2 Nc5 21. g4 a4 22.
Bxc5 bxc5 23. Na3 Rfb8 24. Rfb1 Qg5 25. Rxb8+ Rxb8 26. Nb5 Bxb5 27. cxb5 Rxb5
28. Qxa4 Rb8 29. Qa7 Rb2 30. Qa4 Qe7 31. Qc6 Kh7 32. Qa4 Qh4 0-1

[Event "XV Open"]
[Site "Crema ITA"]
[Date "2013.08.30"]
[Round "1"]
[White "Adami, Antonio"]
[Black "Galbiati, Antonio"]
[WhiteElo "1754"]
[BlackElo "1410"]
[Result "1-0"]
[PlyCount "49"]
[EventDate "2013.08.30"]

1. e4 Nf6 2. d3 e5 3. g3 d6 4. h3 Nc6 5. Be3 d5 6. f3 d4 7. Bd2 Be6 8. Bg2 Nb4
9. a3 Nc6 10. Ne2 Be7 11. O-O Qd7 12. Kh2 h6 13. f4 Qd6 14. f5 Bd7 15. c4 b6
16. b4 Bc8 17. b5 Nb8 18. Ng1 g6 19. fxg6 fxg6 20. Nf3 Be6 21. Bb4 Qd7 22. Nxe5
Qc8 23. Bxe7 Kxe7 24. Nxg6+ Kd6 25. e5+ 1-0

[Event "XV Open"]
[Site "Crema ITA"]
[Date "2013.08.30"]
[Round "1"]
[White "Biava, Pierluigi"]
[Black "Mussap, Angelo"]
[WhiteElo "1681"]
[BlackElo "2053"]
[Result "0-1"]
[PlyCount "114"]
[EventDate "2013.08.30"]

1. d4 f5 2. g3 Nf6 3. Bg2 d5 4. Nh3 e6 5. O-O Bd6 6. Bf4 Nc6 7. Nc3 a6 8. a3
Ne7 9. Qd2 Ng6 10. Bxd6 Qxd6 11. f3 Bd7 12. b4 Qb6 13. Nf2 O-O 14. Rfb1 Rae8
15. a4 Qd6 16. b5 a5 17. e4 fxe4 18. fxe4 Qb6 19. e5 Nh5 20. Ne2 c5 21. c3 cxd4
22. cxd4 Nxe5 23. dxe5 Rxf2 24. Qd4 Qxd4 25. Nxd4 Ref8 26. Rf1 Rxf1+ 27. Rxf1
g6 28. Rxf8+ Kxf8 29. Bf3 Ng7 30. g4 Ke7 31. Kf2 Kd8 32. Nb3 b6 33. Nd4 g5 34.
Kg3 Be8 35. h4 h6 36. h5 Bd7 37. Kf2 Ke7 38. Ke3 Ne8 39. Be2 Nc7 40. Bd3 Be8
41. Be2 Bd7 42. Bd3 Ne8 43. Be2 Ng7 44. Kf2 Be8 45. Kg3 Kd7 46. Nc6 Bf7 47. Nd4
Bxh5 48. gxh5 Nf5+ 49. Nxf5 exf5 50. Kf3 Ke6 51. Ke3 Kxe5 52. Kd3 g4 53. Ke3
f4+ 54. Kf2 f3 55. Bf1 Kf4 56. Bd3 g3+ 57. Kg1 Ke3 0-1

[Event "XV Open"]
[Site "Crema ITA"]
[Date "2013.08.30"]
[Round "1"]
[White "Blengino, Cristiano"]
[Black "Carbone, Lorenzo"]
[WhiteElo "1911"]
[BlackElo "1556"]
[Result "1-0"]
[PlyCount "169"]
[EventDate "2013.08.30"]

1. d4 d5 2. c4 e6 3. Nc3 Nf6 4. Bg5 Be7 5. cxd5 exd5 6. e3 O-O 7. Bd3 h6 8. Bf4
b6 9. Rc1 Bb7 10. h3 Nbd7 11. Nf3 Ne4 12. O-O Ndf6 13. Bb1 a5 14. Ne5 Rc8 15.
Nxe4 Nxe4 16. Nc6 Bxc6 17. Rxc6 Qd7 18. Qc2 Bd6 19. Bxd6 cxd6 20. Rc1 Rb8 21.
f3 Nf6 22. Qf5 Qxf5 23. Bxf5 Rfd8 24. Kf2 g6 25. Bd3 Kf8 26. Bb5 Ng8 27. R1c3
Ne7 28. Rc7 Nc8 29. Ba6 Ne7 30. a4 Ra8 31. Bb7 Ra7 32. Rb3 Rb8 33. Rxb6 Nf5 34.
Rc8+ Rxc8 35. Bxc8 Ne7 36. Ba6 Rc7 37. Bd3 Nc6 38. Ke2 Ke7 39. Kd2 Nb4 40. Rb5
Ra7 41. Be2 Kd7 42. Bd1 Kc6 43. h4 Kd7 44. Bb3 Kc6 45. g4 f6 46. Rb8 g5 47. Rh8
Rb7 48. Rxh6 Na6 49. Kc3 Re7 50. Kd3 Rb7 51. Bd1 Rxb2 52. hxg5 fxg5 53. Rg6
Nb4+ 54. Kc3 Rb1 55. Be2 Rc1+ 56. Kd2 Rc2+ 57. Ke1 Rc3 58. Kf2 Nc2 59. Rxg5
Rxe3 60. Bb5+ Kb6 61. Rxd5 Kc7 62. Rh5 Re7 63. d5 Nd4 64. Bd3 Rf7 65. Rh7 Rxh7
66. Bxh7 Kd7 67. Ke3 Nb3 68. f4 Ke7 69. Ke4 Kf7 70. Kf3 Nc5 71. Bc2 Nd7 72. g5
Kg7 73. Kg4 Nb6 74. Bb3 Nd7 75. Kh5 Nc5 76. Bc2 Nd7 77. f5 Ne5 78. f6+ Kf7 79.
Bf5 Kf8 80. g6 Kg8 81. Kh6 Kh8 82. g7+ Kg8 83. Be6+ Nf7+ 84. Bxf7+ Kxf7 85. Kh7
1-0

[Event "XV Open"]
[Site "Crema ITA"]
[Date "2013.08.30"]
[Round "1"]
[White "Borboni, Paolo"]
[Black "Poletti, Guido"]
[WhiteElo "1729"]
[BlackElo "1311"]
[Result "0-1"]
[PlyCount "48"]
[EventDate "2013.08.30"]

1. d4 Nf6 2. c4 g6 3. Nc3 Bg7 4. e4 d6 5. f3 Nc6 6. Be3 O-O 7. Qd2 e5 8. d5 Ne7
9. Bh6 Ne8 10. g4 f5 11. Bxg7 Nxg7 12. gxf5 gxf5 13. h4 Ng6 14. h5 Nf4 15. h6
Ngh5 16. Nge2 Kh8 17. Nxf4 Nxf4 18. O-O-O fxe4 19. Nxe4 Bf5 20. Bd3 Rg8 21.
Nxd6 Nxd3+ 22. Qxd3 Qg5+ 23. f4 Qxf4+ 24. Kc2 Bxd3+ 0-1

[Event "XV Open"]
[Site "Crema ITA"]
[Date "2013.08.30"]
[Round "1"]
[White "Botta, Massimiliano"]
[Black "Agnelli, Francesco"]
[WhiteElo "1632"]
[BlackElo "2035"]
[Result "0-1"]
[PlyCount "61"]
[EventDate "2013.08.30"]

1. e4 c5 2. Nf3 Nc6 3. d4 cxd4 4. Nxd4 e5 5. Nb3 Nf6 6. Nc3 Bb4 7. Bg5 h6 8.
Bxf6 Qxf6 9. Qd2 O-O 10. O-O-O a5 11. Qe3 Bxc3 12. bxc3 d6 13. Nd2 Be6 14. Nc4
Rfd8 15. a4 d5 16. exd5 Bxd5 17. Nb6 Be6 18. Bc4 Bxc4 19. Nxc4 Qe6 20. Qe2 Qe7
21. Rhe1 Qg5+ 22. Ne3 Qf4 23. Qg4 Qxf2 24. Nf5 Qf4+ 25. Qxf4 exf4 26. Re4 Rxd1+
27. Kxd1 g6 28. Nxh6+ Kg7 29. Ng4 f5 30. Rxf4 fxg4 31. Rxg4 0-1

[Event "XV Open"]
[Site "Crema ITA"]
[Date "2013.08.30"]
[Round "1"]
[White "Cervini, Ernesto"]
[Black "Aleksic, Nenad"]
[WhiteElo "1721"]
[BlackElo "2357"]
[Result "0-1"]
[PlyCount "58"]
[EventDate "2013.08.30"]

1. e4 c5 2. Nf3 d6 3. d4 cxd4 4. Nxd4 Nf6 5. Nc3 a6 6. Be2 e6 7. Be3 Nbd7 8. f4
Qc7 9. Qd2 b5 10. a3 Bb7 11. Bf3 Nc5 12. e5 dxe5 13. Bxb7 Nxb7 14. fxe5 Qxe5
15. Nf3 Qc7 16. O-O Rd8 17. Qe2 Bc5 18. Kh1 Bxe3 19. Qxe3 O-O 20. Ne5 Nd5 21.
Nxd5 Rxd5 22. Nf3 Qc5 23. Qe4 Nd6 24. Qg4 Nf5 25. Qe4 Qe3 26. Qg4 Qc5 27. Qh3
Qxc2 28. b4 h6 29. Rfc1 Qb2 0-1

[Event "XV Open"]
[Site "Crema ITA"]
[Date "2013.08.30"]
[Round "1"]
[White "Ciochetta, Giovanni"]
[Black "Sartorio, Diego"]
[WhiteElo "1549"]
[BlackElo "1896"]
[Result "1-0"]
[PlyCount "95"]
[EventDate "2013.08.30"]

1. e4 e6 2. d4 d5 3. exd5 exd5 4. Nc3 c6 5. Nf3 Bd6 6. Be2 Nf6 7. Bg5 Bf5 8.
O-O O-O 9. Nh4 Be6 10. a3 Nbd7 11. b4 h6 12. Bxf6 Nxf6 13. Nf3 Ne4 14. Nxe4
dxe4 15. Nd2 Bf5 16. c3 Re8 17. Nc4 Bc7 18. Bg4 Qh4 19. h3 Bxg4 20. Qxg4 Qxg4
21. hxg4 Re6 22. Rae1 g6 23. Re2 Rae8 24. Rfe1 b5 25. Nd2 f5 26. gxf5 gxf5 27.
Nf1 Kf7 28. g3 h5 29. Ne3 Kf6 30. Ng2 R6e7 31. Ra2 Rg8 32. a4 bxa4 33. Rxa4 Bb6
34. Rd1 Rd7 35. Kf1 Rgd8 36. Nf4 Rh8 37. Ke2 Kg5 38. Ng2 Rhd8 39. Rh1 c5 40.
bxc5 Bxc5 41. Nf4 Kf6 42. dxc5 Rd2+ 43. Kf1 Rc2 44. Rd4 Rxd4 45. cxd4 a5 46.
Rxh5 a4 47. Rh6+ Kf7 48. Ra6 1-0

[Event "XV Open"]
[Site "Crema ITA"]
[Date "2013.08.30"]
[Round "1"]
[White "Colombo, Luca"]
[Black "Menato, Nazario"]
[WhiteElo "1879"]
[BlackElo "1542"]
[Result "0-1"]
[PlyCount "94"]
[EventDate "2013.08.30"]

1. e4 Nf6 2. e5 Nd5 3. d4 Nc6 4. Nf3 d6 5. exd6 cxd6 6. c4 Nf6 7. d5 Nb8 8. Nc3
g6 9. Bg5 Bg7 10. Qc1 h6 11. Bd2 e6 12. dxe6 Bxe6 13. Nd4 Bd7 14. Ncb5 Bxb5 15.
Nxb5 a6 16. Nc3 Nbd7 17. g3 Ne5 18. Be2 Rc8 19. b3 d5 20. f4 Nc6 21. O-O O-O
22. Rb1 Nd4 23. Bd3 Re8 24. Qd1 Qb6 25. Na4 Qc6 26. c5 Ne4 27. Rc1 Nxd2 28.
Qxd2 Re7 29. Kg2 Rce8 30. Rfe1 Ne6 31. Qb4 Bd4 32. f5 gxf5 33. Bxf5 Bg7 34. Qd2
Ng5 35. Rxe7 Rxe7 36. Qd3 d4+ 37. Kg1 Re3 38. Qd1 d3 39. Bg4 Bd4 40. Kf2 Qf6+
41. Kg2 Qc6+ 42. Kf2 Ne4+ 43. Kf1 Qf6+ 44. Kg2 Qf2+ 45. Kh1 Qf6 46. Qf1 Nf2+
47. Kg2 Nxg4 0-1

[Event "XV Open"]
[Site "Crema ITA"]
[Date "2013.08.30"]
[Round "1"]
[White "Colonetti, Fabio"]
[Black "Cecchini, Massimo S."]
[WhiteElo "1434"]
[BlackElo "1777"]
[Result "0-1"]
[PlyCount "54"]
[EventDate "2013.08.30"]

1. e4 c6 2. d4 d5 3. exd5 cxd5 4. c4 Nf6 5. Nc3 e6 6. Nf3 Bb4 7. Bg5 O-O 8. Bd3
dxc4 9. Bxc4 Qa5 10. Qc2 Be7 11. O-O Nc6 12. Rac1 Nxd4 13. Nxd4 Qxg5 14. Ne4
Nxe4 15. Qxe4 Rd8 16. f4 Qf6 17. Rfd1 Bc5 18. Bd3 Qxd4+ 19. Qxd4 Bxd4+ 20. Kh1
Bd7 21. Bxh7+ Kxh7 22. Rxd4 Bc6 23. Rcd1 Rxd4 24. Rxd4 Bd5 25. f5 Rc8 26. h3
Rc1+ 27. Kh2 Rc2 0-1

[Event "XV Open"]
[Site "Crema ITA"]
[Date "2013.08.30"]
[Round "1"]
[White "Conti, Ferdinando"]
[Black "Frignani, Alessandro"]
[WhiteElo "1734"]
[BlackElo "1387"]
[Result "1-0"]
[PlyCount "73"]
[EventDate "2013.08.30"]

1. Nf3 d6 2. b4 e5 3. d3 h6 4. Bb2 b6 5. e3 Bb7 6. Be2 Nd7 7. O-O Qe7 8. Nbd2
Ngf6 9. c4 g6 10. Qc2 Bg7 11. Rfe1 O-O-O 12. a4 Kb8 13. a5 g5 14. axb6 cxb6 15.
Qa4 a6 16. Rec1 Rc8 17. Rab1 Kc7 18. c5 Kd8 19. Nc4 dxc5 20. Nfxe5 b5 21. Qa5+
Ke8 22. Nxd7 bxc4 23. Nxf6+ Bxf6 24. Bxf6 Qxf6 25. bxc5 cxd3 26. Bxd3 Qc6 27.
Bf1 Ra8 28. Rb6 Qc8 29. Qb4 a5 30. Qb2 Rg8 31. Rxb7 a4 32. Qe5+ Kf8 33. Rcb1
Qe6 34. Rb8+ Rxb8 35. Rxb8+ Ke7 36. Qxe6+ fxe6 37. Rxg8 1-0

[Event "XV Open"]
[Site "Crema ITA"]
[Date "2013.08.30"]
[Round "1"]
[White "Corso, Gabriele"]
[Black "Galli, Fabrizio"]
[WhiteElo "1789"]
[BlackElo "1455"]
[Result "1/2-1/2"]
[PlyCount "64"]
[EventDate "2013.08.30"]

1. e4 c5 2. Nf3 e6 3. c3 a6 4. d4 cxd4 5. cxd4 Nf6 6. Bd3 b5 7. Bg5 Be7 8. O-O
Bb7 9. Nbd2 Nc6 10. Rc1 O-O 11. Re1 Nb4 12. Bb1 Rc8 13. Qb3 Nc6 14. a4 b4 15.
e5 Nd5 16. Bxe7 Ncxe7 17. Nc4 Ba8 18. Nd6 Rxc1 19. Rxc1 Bc6 20. Nd2 Ng6 21.
N2e4 f6 22. Qg3 Ndf4 23. Kf1 fxe5 24. dxe5 Nxe5 25. Nc4 Nxc4 26. Rxc4 Bxe4 27.
Rxe4 Qc7 28. Qe3 Rf6 29. Ba2 a5 30. f3 Qd6 31. Rd4 Qc7 32. Qd2 d5 1/2-1/2